Nintendo’s ARMS Characters - Statistics

General Stats
  • This quiz has been taken 82 times
    23 since last reset
  • The average score is 10 of 15
Answer Stats
Availabitlity Answer % Correct
Base Min Min
100%
Base Spring Man
90%
Base Ribbon Girl
80%
Base Helix
75%
Base Master Mummy
75%
Base Twintelle
70%
Base Kid Cobra
65%
Base Byte & Barq
60%
Base Mechanica
60%
Base Ninjara
60%
DLC Springtron
60%
DLC Lola Pop
55%
DLC Max Brass
55%
DLC Dr. Coyle
45%
DLC Misango
35%
No matching quizzes found
Score Distribution
Percent of People with Each Score
Percentile by Number Answered
Your Score History
You have not taken this quiz since the last reset